| 000 | 01089cam a2200241 4500 | ||
|---|---|---|---|
| 001 | WB@3612-440 | ||
| 008 | 040706n2004 000 0 eng u | ||
| 035 | _a(Sirsi) u126719 | ||
| 245 | _aHouse prices slow | ||
| 260 | _c2004 | ||
| 490 |
_aHalifax Press Release _v 2 July 2004 (5) |
||
| 520 | _aLatest figures from Halifax show that house prices increased by 1.2% in June, the smallest rise since last November and below the average monthly rise of 2.1% in the preceding six months. The north-south divide narrowed further in the second quarter of the year as northern England experienced the strongest house price inflation. Halifax forecast that the higher cost of borrowing together with the difficulties facing first-time buyers would contribute to slower UK house price inflation. | ||
| 590 | _aWB | ||
| 590 | _aWB | ||
| 650 | _aHALIFAX HOUSE PRICE INDEX | ||
| 650 | _aHOUSE PRICE INFLATION | ||
| 650 | _aHOUSE PRICES | ||
| 650 | _aAFFORDABILITY | ||
| 650 | _aPROPERTY TRANSACTIONS | ||
| 650 | _aNORTH-SOUTH DIVIDE | ||
| 690 | _aHOUSING-HOUSE PRICES | ||
| 942 | _n0 | ||
| 999 |
_c117656 _d117656 |
||